00458 2200181 4500001002100000008004100021035002000062082000800082084001400090100002100104245006100125250000600186260003500192300001100227650001400238990001200252990001200264INLIS000000000000305 ind  a0010-0424000281 a520 a520 TRI a aEndarto T.B, Tri aAtlas Tematik : Kota BanjarbarucTri Endarto Theo Banpri a1 aKlaten :bIntan Pariwarac2013 a60 hlm aReferensi a0728787 a0728788